Statistics for Flag-Shape Chain

Click here to take the quiz!

General Stats

  • This quiz has been taken 106 times
    (105 since last reset)
  • The average score is 15 of 16

Answer Stats

Answer% Correct
Ukraine
100%
Argentina
99%
Sweden
98%
Netherlands
95%
Afghanistan
93%
Azerbaijan
92%
Uruguay
92%
Australia
91%
India
91%
Namibia
91%
New Zealand
91%
Denmark
90%
Yemen
90%
Nauru
86%
Equatorial Guinea
78%
Kiribati
78%

Score Distribution

Percentile by Number Answered

Percent of People with Each Score

Your Score History

You have not taken this quiz since the last reset